000 003190000a22001570004500
003 MACL
040 _aMACL
090 _c7076
_d7075
100 _aParthasarathy, R.
245 _aRamanujacharya
260 _bNatioal Book Trust
_c1969
350 _a2
650 _aBiography
942 _cBOOK
_k920
951 _o920 BOOK
999 _c7029
_d7029